=LDR 00000nam 2200000 4500 =001 INLIS000000000038239 =005 20130612143919 =008 ***********************************Ind** =035 ##$$0010-061300000038239 =041 ##$$a Ind =082 ##$$a 959.802 2 =090 ##$$a 959.802 2, Res p =100 ##$$a Resley, Rabbi =245 ##$$a Pintar gerbang emas Israel yang tertinggal di Indonesia, Rabbi Resley; Editor, Eva =260 ##$$a 2011 $b Yogyakarta =300 ##$$a 130 hlm, Ilus, 21 cm =650 ##$$a Indonesia - Sejarah Israel =700 ##$$a Eva =850 ##$$a NBPNMAT